000 00485nam a2200181Ia 4500
001 8688
005 20260306160628.0
008 260306t2005||||xx |||||||||||||| ||spa||
041 _aESP
082 _a371.3
_bC24
100 _aCampos Arenas, Agustín
_eAUT
245 0 _aMapas conceptuales, mapas mentales:
_by otras formas de representación del conocimiento
260 _c2005
300 _a266 páginas :
_c24 cm.
650 _aGEN
654 _aCED
942 _cLIB
_dJUS
_fJUS
_2ddc
_n
999 _c8688
_d8688